000 00756nam a2200241 a 4500
999 _c11600
_d11600
001 11600
003 BD-JhCC
005 20220727134023.0
008 200705b20162019bg |||| ||a| 001 0 ben d
020 _a9847012004067
035 _a(BD-JhCC)11600
040 _aBD-JhCC
_dBD-JhCC
041 _aben
082 _a891.4409
_bIQB 2019
100 _aইকবাল, শহীদ
245 _aবাংলাদেশের সাহিত্যের সম্পূর্ণ ইতিবৃত্ত /
_cশহীদ ইকবাল।
260 _aঢাকা:
_bকথাপ্রকাশ;
_c২০১৯.
300 _a543 p. :
_c22 cm.
650 _a Bengali literature
650 _abengali history
942 _2ddc
_cBK
_01